000 02059nam a22002177a 4500
001 3624
003 FISKH
005 20250530105710.0
008 240328b cb ||||| |||| 00| 0 eng d
040 _aFISKH
_bkhr
_cFISKH
_dFISKH
050 _aPZ7
082 _a895.932102
100 _aHarch, Nou
245 _aមាលាដួងចិត្ត /
_cនូ ហាច.
260 _aភ្នំពេញ​ :
_bការផ្សាយរបស់សមាគមអ្នកនិពន្ធខ្មែរ
_c2004.
300 _a124 pages :
_c21 cm
500 _aអក្សរសិល្ប៍ខ្មែរតាមកម្មវិធីសិក្សា
520 _aទីឃាវុធ ជាយុវសិស្សអាយុ២០ឆ្នាំ ជាសិស្សថ្នាក់ទី២ នៃវិទ្យាល័យ ស៊ីសុវត្តិ ។ គេជាមនុស្សដែលចូលចិត្តស្រមើស្រម៉ៃច្រើន ហើយគេក៏ជាសិស្សឧស្សាហ៍ព្យាយាម មានប្រាជ្ញាឈ្លាសវៃ ខាងតែងកំនាព្យកាព្យឃ្លោង អក្សសាសន៍ ចូលចិត្តរៀនភាសាបរទេសដូចជា បារាំង អង៉គ្លេស និងចូលចិត្តស្វ័យសិក្សាភាសាថៃដោយខ្លួនឯងផងដែរ។ ប៉ុន្តែការសិក្សារផ្នែកវិទ្យាសាស្រ្តរបស់គេមិនសូវជាល្អប៉ុន្មានទេ។
520 _aTikhavuth is a 20-year-old second-grade student at Sisowath High School. He is a very imaginative person and he is also a diligent student, wise in composing poems, prose, literary, likes to learn foreign languages ​​such as French, English and also likes to learn Thai on his own. But their scientific studies were not so good.
942 _2ddc
_cKHB
_n0
999 _c3624
_d3624